01117nam a2200265 a 450000100100000000500170001000800410002704000250006808200180009310000270011124501330013826000500027130000210032149000150034250000650035759000260042265000260044865000810047465100550055565100490061083000220065991000370068195201160071899900170083400002646420240527195259.0090717s1996 dr 00 0 spa d aDO-SdBNPbspacBNPHU a330.98bB333g1 aBatista, José95352410aGlobalización, integración y caos, latinoamérica en la encrucijada :bdesarrollo ético vs económico /cJosé Batista. aSanto Domingo :bEducativa Dominicana,c1996. a100 p. ;c21 cm.1 aConciencia aEn la portada: Un homenaje póstumo a Luis Donaldo Colosio. aInventariado, 2018/VM 0aGlobalización91524 4aDesarrollo económicozAmérica LatinaxEnsayos, conferencias, etc.953525 4aAmérica LatinaxIntegración Económica928831 4aAmérica LatinaxCondiciones Sociales95034 0aConciencia912689 aValidado. Control de calidad EMS 0010718PDaPDbPDcHDd2011-03-18iLF1l0o330.98 B333gp26464-10r2020-06-25w2020-06-25yLFPDZNo se presta c25956d25956